[Event "POL-chT2"]
[Site "Poronin"]
[Date "2013.09.14"]
[Round "8.75"]
[White "Wozniak, Marcin"]
[Black "Siekaniec, Jan"]
[Result "1-0"]
[WhiteElo "2203"]
[BlackElo "2079"]
[PlyCount "53"]
[EventDate "2013.09.06"]
[EventType "team-swiss"]
[EventRounds "9"]
[EventCountry "POL"]
[SourceTitle "EXT 2015"]
[Source "ChessBase"]
[SourceDate "2014.11.20"]
[SourceVersion "1"]
[SourceVersionDate "2014.11.20"]
[SourceQuality "1"]
[WhiteTeam "Bydgoszcz Chemik"]
[BlackTeam "Prudnik LKS Zarzewie"]
[WhiteTeamCountry "POL"]
[BlackTeamCountry "POL"]

1. c4 Nf6 2. Nf3 g6 3. b4 Bg7 4. Bb2 0-0 5. g3 a5 6. b5 d5 7. cxd5 Nxd5 8. Bxg7 Kxg7 9. Bg2 c6 10. Qb3 Nc7 11. bxc6 Nxc6 12. 0-0 e5 13. Nc3 Rb8 14. Nb5 Be6 15. Qb2 f6 16. Nxc7 Qxc7 17. Rfc1 Qd6 18. a4 e4 19. Ng5 Rfd8 20. Nxe4 Qe7 21. Ra3 Nd4 22. Re3 Rdc8 23. Rxc8 Rxc8 24. Ng5 fxg5 25. Qxd4+ Qf6 26. Qxf6+ Kxf6 27. Rxe6+ 1-0

[Event "POL-chT2"]
[Site "Poronin"]
[Date "2013.09.11"]
[Round "5"]
[White "Osipow, Nikolaj"]
[Black "Wozniak, Marcin"]
[Result "1/2-1/2"]
[WhiteElo "2169"]
[BlackElo "2203"]
[PlyCount "97"]
[EventDate "2013.09.06"]
[EventType "team-swiss"]
[EventRounds "9"]
[EventCountry "POL"]
[SourceTitle "EXT 2015"]
[Source "ChessBase"]
[SourceDate "2014.11.20"]
[SourceVersion "1"]
[SourceVersionDate "2014.11.20"]
[SourceQuality "1"]
[WhiteTeam "Czerwionka Leszczyny Skoczek"]
[BlackTeam "Bydgoszcz Chemik"]
[WhiteTeamCountry "POL"]
[BlackTeamCountry "POL"]

1. d4 Nf6 2. Nf3 e6 3. e3 b6 4. Bd3 Bb7 5. Nbd2 c5 6. c3 Be7 7. 0-0 Nc6 8. a3 0-0 9. b4 a6 10. Bb2 d6 11. Qe2 e5 12. bxc5 bxc5 13. dxe5 Nxe5 14. Nxe5 dxe5 15. c4 Bd6 16. Rab1 Bc6 17. Bc3 Re8 18. Bc2 Bc7 19. Rfd1 Qe7 20. f3 Rab8 21. Nf1 Rxb1 22. Rxb1 e4 23. f4 Qe6 24. h3 Nd7 25. Nd2 Bd8 26. Nb3 Nb6 27. Nd2 Na4 28. Ba1 Bc7 29. Rf1 f5 30. g4 Bd8 31. gxf5 Qxf5 32. Qg4 Qxg4+ 33. hxg4 Nb6 34. g5 Nd7 35. Bc3 g6 36. Rd1 Bc7 37. Kf2 Bxf4 38. exf4 e3+ 39. Ke2 exd2+ 40. Kxd2 Bf3 41. Rf1 Bh5 42. Bd3 Re6 43. Rb1 Bf3 44. Rf1 Bh5 45. f5 gxf5 46. Rxf5 Bg6 47. Rd5 Nb6 48. Rd8+ Kf7 49. Ba5 1/2-1/2

[Event "POL-chT 2nd League"]
[Site "Lazy"]
[Date "2012.09.08"]
[Round "8"]
[White "Markiewicz, Jerzy"]
[Black "Wozniak, Marcin"]
[Result "0-1"]
[WhiteElo "2261"]
[BlackElo "2215"]
[PlyCount "74"]
[EventDate "2012.09.01"]
[EventType "team-swiss"]
[EventRounds "9"]
[EventCountry "POL"]
[SourceTitle "EXT 2019"]
[Source "ChessBase"]
[SourceDate "2018.10.10"]
[SourceVersion "1"]
[SourceVersionDate "2018.10.10"]
[SourceQuality "1"]
[WhiteTeam "Pilzno GKSz Hetman"]
[BlackTeam "Bydgoszcz Chemik"]
[WhiteTeamCountry "POL"]
[BlackTeamCountry "POL"]

1. d4 Nf6 2. c4 e6 3. Nc3 Bb4 4. f3 d5 5. a3 Bxc3+ 6. bxc3 0-0 7. e3 c5 8. cxd5 exd5 9. Bd3 b6 10. Ne2 Ba6 11. 0-0 Re8 12. Ng3 Bxd3 13. Qxd3 Nbd7 14. Bb2 h5 15. Rae1 g6 16. Nh1 Rc8 17. Nf2 Qc7 18. e4 cxd4 19. cxd4 Qc2 20. Qxc2 Rxc2 21. Bc1 Rec8 22. Bf4 Ra2 23. e5 Nh7 24. e6 fxe6 25. Rxe6 Nhf8 26. Re7 Rcc2 27. Bh6 Rxa3 28. Rg7+ Kh8 29. Nh3 Raa2 30. Ng5 b5 31. h4 b4 32. Re1 Rc8 33. Ree7 Ra6 34. Rxd7 Nxd7 35. Rxd7 b3 36. Nh3 g5 37. Bg7+ Kg8 0-1

[Event "POL-chT 2nd League"]
[Site "Lazy"]
[Date "2012.09.06"]
[Round "6"]
[White "Wozniak, Marcin"]
[Black "Adamowicz, Maciej"]
[Result "1/2-1/2"]
[WhiteElo "2215"]
[BlackElo "1985"]
[PlyCount "120"]
[EventDate "2012.09.01"]
[EventType "team-swiss"]
[EventRounds "9"]
[EventCountry "POL"]
[SourceTitle "EXT 2019"]
[Source "ChessBase"]
[SourceDate "2018.10.10"]
[SourceVersion "1"]
[SourceVersionDate "2018.10.10"]
[SourceQuality "1"]
[WhiteTeam "Bydgoszcz Chemik"]
[BlackTeam "Koszalin Hetman Politechnika"]
[WhiteTeamCountry "POL"]
[BlackTeamCountry "POL"]

1. c4 c5 2. g3 Nc6 3. Bg2 g6 4. e3 Bg7 5. Ne2 e5 6. 0-0 Nge7 7. Nbc3 0-0 8. a3 a5 9. Rb1 d6 10. d3 Rb8 11. f4 f5 12. Bd2 Be6 13. Nd5 b5 14. Nxe7+ Nxe7 15. b3 b4 16. axb4 axb4 17. Qc2 Bd7 18. fxe5 dxe5 19. e4 Bc6 20. Ra1 Ra8 21. Rxa8 Qxa8 22. Be3 Qa5 23. Bg5 Qa7 24. Qd2 Qb7 25. Nc1 Nc8 26. exf5 gxf5 27. Be3 Qb6 28. Qf2 Bxg2 29. Qxg2 Ne7 30. Qf2 Rc8 31. Bg5 Bf6 32. Qe3 Qc6 33. Bxf6 Qxf6 34. Re1 Ng6 35. Qf3 Rd8 36. Kh1 Kh8 37. Rf1 Ne7 38. Qb7 Qd6 39. Rf2 Rd7 40. Qa8+ Rd8 41. Qb7 Rd7 42. Qa8+ Rd8 43. Qg2 Qh6 44. Qf1 Qc6+ 45. Kg1 Ra8 46. Ra2 Rxa2 47. Nxa2 Qa6 48. Qf2 Qa7 49. Kg2 Qa8+ 50. Kg1 Qa7 51. h4 Qb6 52. Kh2 Qd6 53. Nc1 Kg7 54. Qe3 h6 55. Ne2 Nc6 56. Qf3 Qd7 57. Kg2 Na5 58. Qe3 Qc6+ 59. Kh2 Qd6 60. Nc1 Nc6 1/2-1/2

[Event "POL-chT 2nd League"]
[Site "Lazy"]
[Date "2012.09.04"]
[Round "4"]
[White "Wozniak, Marcin"]
[Black "Zielinski, Stanislaw"]
[Result "0-1"]
[WhiteElo "2215"]
[BlackElo "2133"]
[PlyCount "74"]
[EventDate "2012.09.01"]
[EventType "team-swiss"]
[EventRounds "9"]
[EventCountry "POL"]
[SourceTitle "EXT 2019"]
[Source "ChessBase"]
[SourceDate "2018.10.10"]
[SourceVersion "1"]
[SourceVersionDate "2018.10.10"]
[SourceQuality "1"]
[WhiteTeam "Bydgoszcz Chemik"]
[BlackTeam "Kolbudy UKS Zawisza"]
[WhiteTeamCountry "POL"]
[BlackTeamCountry "POL"]

1. c4 e5 2. g3 Nc6 3. Bg2 g6 4. Nc3 Bg7 5. e3 Nge7 6. Nge2 0-0 7. 0-0 d6 8. Rb1 Bf5 9. d3 Qd7 10. Re1 Rae8 11. b4 h6 12. b5 Nd8 13. Ba3 Kh7 14. Bh1 Bg4 15. Qa4 f5 16. c5 f4 17. f3 Bf5 18. e4 Bh3 19. b6 Ndc6 20. cxd6 cxd6 21. gxf4 axb6 22. Rxb6 exf4 23. Reb1 Ra8 24. Qb3 Nd4 25. Qb4 Nc2 26. Qxd6 Nxa3 27. Qxd7 Bxd7 28. R1b3 Bc8 29. d4 Nc4 30. R6b4 Nd6 31. e5 Ndf5 32. Nxf4 Nc6 33. Rb6 Nfxd4 34. Rxc6 bxc6 35. Nfe2 Nxb3 36. axb3 Bxe5 37. Ne4 Bf5 0-1

[Event "POL-chT 2nd League"]
[Site "Lazy"]
[Date "2012.09.03"]
[Round "3"]
[White "Wozniak, Marcin"]
[Black "Fistek, Dariusz"]
[Result "1/2-1/2"]
[WhiteElo "2215"]
[BlackElo "2242"]
[PlyCount "106"]
[EventDate "2012.09.01"]
[EventType "team-swiss"]
[EventRounds "9"]
[EventCountry "POL"]
[SourceTitle "EXT 2019"]
[Source "ChessBase"]
[SourceDate "2018.10.10"]
[SourceVersion "1"]
[SourceVersionDate "2018.10.10"]
[SourceQuality "1"]
[WhiteTeam "Bydgoszcz Chemik"]
[BlackTeam "Przemysl MKS Polonia"]
[WhiteTeamCountry "POL"]
[BlackTeamCountry "POL"]

1. c4 Nf6 2. g3 g6 3. Bg2 Bg7 4. Nc3 0-0 5. e3 d6 6. Nge2 e5 7. 0-0 c6 8. d4 Nbd7 9. b3 Re8 10. Ba3 Bf8 11. Qc2 Qa5 12. Bb2 Bg7 13. Rad1 Nf8 14. a3 Bg4 15. b4 Qc7 16. h3 Bxe2 17. Nxe2 a5 18. dxe5 dxe5 19. Nc3 axb4 20. axb4 Ne6 21. Na4 Nd7 22. c5 Red8 23. Rd6 Bf8 24. Rd2 Bg7 25. Rfd1 Ndf8 26. Rd6 Rxd6 27. cxd6 Qd8 28. Qb3 Nd7 29. Bc3 b5 30. Nb2 Ra6 31. Kh2 Qb8 32. Nd3 h6 33. Rd2 c5 34. bxc5 Nexc5 35. Nxc5 Nxc5 36. Qd5 Nd7 37. Qb7 Qxb7 38. Bxb7 Ra3 39. Bb2 Ra7 40. Bc6 b4 41. Rc2 Bf8 42. Bb5 Rb7 43. Ba4 Ra7 44. Rc7 Rxa4 45. Rxd7 f6 46. Rd8 Ra6 47. d7 Rd6 48. f4 Kf7 49. fxe5 fxe5 50. Bxe5 Rd2+ 51. Kh1 Be7 52. Rh8 Rxd7 53. Kg2 Rd1 1/2-1/2

[Event "POL-chT 2nd League"]
[Site "Lazy"]
[Date "2012.09.02"]
[Round "2"]
[White "Brzeski, Maciej"]
[Black "Wozniak, Marcin"]
[Result "1/2-1/2"]
[WhiteElo "2314"]
[BlackElo "2215"]
[PlyCount "102"]
[EventDate "2012.09.01"]
[EventType "team-swiss"]
[EventRounds "9"]
[EventCountry "POL"]
[SourceTitle "EXT 2019"]
[Source "ChessBase"]
[SourceDate "2018.10.10"]
[SourceVersion "1"]
[SourceVersionDate "2018.10.10"]
[SourceQuality "1"]
[WhiteTeam "Krakow Wisla"]
[BlackTeam "Bydgoszcz Chemik"]
[WhiteTeamCountry "POL"]
[BlackTeamCountry "POL"]

1. e4 c6 2. d4 d5 3. Nc3 dxe4 4. Nxe4 Nd7 5. Ng5 Ndf6 6. N1f3 Bg4 7. Be2 Bxf3 8. Nxf3 e6 9. 0-0 Bd6 10. b3 Ne7 11. Bb2 Ng6 12. Ne5 Qc7 13. f4 0-0-0 14. Qc1 c5 15. c3 Nd5 16. g3 Kb8 17. Bf3 f6 18. Nd3 c4 19. Nf2 Nge7 20. Ne4 Nf5 21. Ba3 Bxa3 22. Qxa3 e5 23. fxe5 fxe5 24. dxe5 Nfe3 25. bxc4 Nxc4 26. Qc5 Nxe5 27. Qxc7+ Kxc7 28. Ng5 Kb8 29. Ne6 Ne3 30. Nxd8 Nxf1 31. Rxf1 Rxd8 32. Be4 g6 33. Rf6 Rd7 34. h4 Re7 35. Bd5 Ng4 36. Rf8+ Kc7 37. Rf7 Rxf7 38. Bxf7 Kd6 39. Kf1 Ke5 40. Ke2 Nf6 41. Kf3 Ne4 42. c4 Nc3 43. a3 b6 44. g4 Kf6 45. Be8 g5 46. hxg5+ Kxg5 47. Ke3 Kxg4 48. Kd4 Nb1 49. a4 Nd2 50. Kd5 Nb3 51. Kc6 h5 1/2-1/2

[Event "POL-chT 2nd League"]
[Site "Lazy"]
[Date "2012.09.01"]
[Round "1"]
[White "Wozniak, Marcin"]
[Black "Kulczyk, Pawel"]
[Result "1-0"]
[WhiteElo "2215"]
[BlackElo "2080"]
[PlyCount "129"]
[EventDate "2012.09.01"]
[EventType "team-swiss"]
[EventRounds "9"]
[EventCountry "POL"]
[SourceTitle "EXT 2019"]
[Source "ChessBase"]
[SourceDate "2018.10.10"]
[SourceVersion "1"]
[SourceVersionDate "2018.10.10"]
[SourceQuality "1"]
[WhiteTeam "Bydgoszcz Chemik"]
[BlackTeam "Bydgoszcz Hetman"]
[WhiteTeamCountry "POL"]
[BlackTeamCountry "POL"]

1. c4 c5 2. g3 Nc6 3. Bg2 Nf6 4. Nc3 e6 5. Nf3 d5 6. cxd5 Nxd5 7. 0-0 Be7 8. Nxd5 Qxd5 9. d3 0-0 10. Be3 Qh5 11. Rc1 Nb4 12. a3 Nd5 13. Bxc5 Bxc5 14. Rxc5 b6 15. Rc1 Bb7 16. Qd2 Nf6 17. Rc7 Rab8 18. Rfc1 Rfd8 19. Ng5 Bxg2 20. Kxg2 h6 21. Nf3 a5 22. h3 Qd5 23. Qf4 Qb3 24. R1c2 Rf8 25. Qc4 Qxc4 26. R2xc4 Nd5 27. Ra7 Rfc8 28. Ne5 f6 29. Nd7 b5 30. Rxc8+ Rxc8 31. e4 Rc7 32. Ra8+ Kf7 33. exd5 Rxd7 34. dxe6+ Kxe6 35. Rxa5 b4 36. Ra6+ Ke5 37. axb4 Rxd3 38. Ra7 g6 39. Ra5+ Ke6 40. Ra3 Rd5 41. Rb3 Rb5 42. Kf3 Kd5 43. g4 h5 44. gxh5 gxh5 45. Kf4 Kc4 46. Re3 Kxb4 47. Re6 Kc4 48. Rxf6 Rxb2 49. Kg5 Kd4 50. Kxh5 Ke5 51. Rf8 Rb7 52. h4 Rh7+ 53. Kg5 Rg7+ 54. Kh6 Rg4 55. h5 Ke6 56. Kh7 Ke7 57. Rf3 Rh4 58. h6 Ke8 59. Kg7 Rg4+ 60. Kh8 Rh4 61. h7 Ke7 62. Kg7 Rg4+ 63. Kh6 Rh4+ 64. Kg6 Ke8 65. Rf5 1-0

[Event "POL-chT 2nd League"]
[Site "Mrzezyno"]
[Date "2011.09.07"]
[Round "5.21"]
[White "Kaim, Piotr"]
[Black "Wozniak, Marcin"]
[Result "1-0"]
[WhiteElo "2269"]
[BlackElo "2200"]
[PlyCount "167"]
[EventDate "2011.09.03"]
[EventType "team-swiss"]
[EventRounds "9"]
[EventCountry "POL"]
[SourceTitle "EXT 2015"]
[Source "ChessBase"]
[SourceDate "2014.11.20"]
[SourceVersion "1"]
[SourceVersionDate "2014.11.20"]
[SourceQuality "1"]
[WhiteTeam "Warszawa YMCA"]
[BlackTeam "Bydgoszcz Chemik"]
[WhiteTeamCountry "POL"]
[BlackTeamCountry "POL"]

1. e4 c6 2. d4 d5 3. exd5 cxd5 4. c4 Nf6 5. Nc3 e6 6. Nf3 Be7 7. cxd5 Nxd5 8. Bd3 Nc6 9. 0-0 0-0 10. Re1 Bf6 11. Be4 Nce7 12. Qd3 g6 13. Ne5 Bg7 14. Qf3 Rb8 15. Bd2 Nxc3 16. Bxc3 f6 17. Nc4 b5 18. Qg3 Ba6 19. Nd6 b4 20. Bd2 Rb6 21. Bf4 g5 22. Qb3 Qd7 23. Bf3 gxf4 24. Rxe6 Kh8 25. Nf7+ Rxf7 26. Rxb6 Bc8 27. Qxf7 axb6 28. Re1 Ng8 29. Bd5 Qxf7 30. Bxf7 Bd7 31. d5 Bf8 32. Be6 Bb5 33. Rc1 Nh6 34. Rc8 Kg7 35. Rc7+ Kg6 36. Rb7 Nf5 37. Rxb6 Nd6 38. a4 Bxa4 39. Rxb4 Bb5 40. Rxf4 f5 41. h4 Bh6 42. Rd4 Bc1 43. b3 Kf6 44. Rd1 Ba3 45. g3 Bc5 46. Kg2 Ne4 47. f3 Nc3 48. Ra1 Ke5 49. Ra8 Kf6 50. Rh8 f4 51. gxf4 Bd3 52. Rc8 Bb4 53. h5 Ne2 54. Kf2 Ba6 55. Rc6 Bb5 56. Bh3+ Kg7 57. Rc7+ Kf6 58. Bf1 Ba5 59. Bxe2 Bb6+ 60. Kg3 Bxc7 61. Bxb5 h6 62. Bc4 Bd6 63. Kg4 Bb4 64. Bd3 Bc3 65. Be4 Bb4 66. Kg3 Bd6 67. Kf2 Bxf4 68. Ke2 Kg5 69. Bg6 Kf6 70. Kd3 Ke5 71. Kc4 Kd6 72. Kd4 Bd2 73. Ke4 Bc3 74. Bf7 Ke7 75. Be6 Kf6 76. Bg4 Bb4 77. Kd4 Bd6 78. Kc4 Ke5 79. Be6 Bf8 80. Kb5 Kd6 81. Kb6 Bg7 82. b4 Bf6 83. b5 Bd8+ 84. Kb7 1-0

[Event "POL-chT 2nd League"]
[Site "Mrzezyno"]
[Date "2011.09.06"]
[Round "4"]
[White "Wozniak, Marcin"]
[Black "Stanisz, Patryk"]
[Result "1-0"]
[WhiteElo "2200"]
[BlackElo "2191"]
[PlyCount "101"]
[EventDate "2011.09.03"]
[EventType "team-swiss"]
[EventRounds "9"]
[EventCountry "POL"]
[SourceTitle "EXT 2015"]
[Source "ChessBase"]
[SourceDate "2014.11.20"]
[SourceVersion "1"]
[SourceVersionDate "2014.11.20"]
[SourceQuality "1"]
[WhiteTeam "Bydgoszcz Chemik"]
[BlackTeam "Mikolow AKS"]
[WhiteTeamCountry "POL"]
[BlackTeamCountry "POL"]

1. c4 c6 2. e4 d5 3. exd5 cxd5 4. d4 Nf6 5. Nc3 Nc6 6. Nf3 Bg4 7. cxd5 Nxd5 8. Qb3 Bxf3 9. gxf3 e6 10. Qxb7 Nxd4 11. Bb5+ Nxb5 12. Qc6+ Ke7 13. Qxb5 Nxc3 14. bxc3 Qd7 15. Qa6 Qc7 16. 0-0 Kf6 17. Rd1 Bc5 18. Qa4 g5 19. Qg4 Rag8 20. c4 Qe5 21. Rb1 Rb8 22. f4 Qf5 23. Bb2+ Rxb2 24. Qxg5+ Qxg5+ 25. fxg5+ Kxg5 26. Rxb2 h5 27. Rb3 Kf4 28. Rdd3 f5 29. Rb5 Rf8 30. Rh3 Kg4 31. Rd3 e5 32. Kg2 Kf4 33. Rf3+ Kg4 34. h3+ Kg5 35. Rb7 e4 36. h4+ Kf6 37. Rfb3 Rg8+ 38. Rg3 Rd8 39. Rb5 f4 40. Rg5 f3+ 41. Kg3 Bd6+ 42. Kh3 Bc7 43. Rbc5 Bb8 44. Rcd5 Re8 45. Rxh5 e3 46. Rdf5+ Kg6 47. fxe3 Rxe3 48. Rhg5+ Kh6 49. Rf6+ Kh7 50. Kg4 Re4+ 51. Kh5 1-0

[Event "POL-chT 2nd League"]
[Site "Mrzezyno"]
[Date "2011.09.03"]
[Round "1"]
[White "Protaziuk, Grzegorz"]
[Black "Wozniak, Marcin"]
[Result "1-0"]
[WhiteElo "2353"]
[BlackElo "2200"]
[PlyCount "90"]
[EventDate "2011.09.03"]
[EventType "team-swiss"]
[EventRounds "9"]
[EventCountry "POL"]
[SourceTitle "EXT 2015"]
[Source "ChessBase"]
[SourceDate "2014.11.20"]
[SourceVersion "1"]
[SourceVersionDate "2014.11.20"]
[SourceQuality "1"]
[WhiteTeam "Miedzyborow Wrzos"]
[BlackTeam "Bydgoszcz Chemik"]
[WhiteTeamCountry "POL"]
[BlackTeamCountry "POL"]

1. d4 e6 2. Nf3 Nf6 3. e3 c5 4. c3 b6 5. Bd3 Bb7 6. 0-0 Be7 7. Re1 0-0 8. e4 cxd4 9. cxd4 Nc6 10. Nc3 d6 11. a3 e5 12. d5 Nb8 13. h3 Nbd7 14. b4 a6 15. Bd2 Ne8 16. Qe2 Kh8 17. a4 Nef6 18. a5 b5 19. Nxb5 axb5 20. Bxb5 Rc8 21. Reb1 Nxe4 22. Qxe4 f5 23. Qe2 Bxd5 24. Ba6 Rb8 25. Bc4 Be4 26. Rd1 d5 27. Bb5 Bxf3 28. gxf3 Bd6 29. a6 Nb6 30. a7 Rc8 31. f4 exf4 32. Qf3 Be5 33. Ra6 h6 34. Bxf4 Bxf4 35. Qxf4 Rf6 36. Re1 Rf8 37. Re6 Na8 38. Rxh6+ Kg8 39. Rhc6 Rxc6 40. Bxc6 Nc7 41. a8Q Nxa8 42. Rxa8 Qxa8 43. Bxa8 Rxa8 44. Qxf5 Rd8 45. Kf1 d4 1-0

[Event "POL-ch Amateurs"]
[Site "Wroclaw"]
[Date "2011.07.01"]
[Round "1"]
[White "Wozniak, Marcin"]
[Black "Pela, Edward"]
[Result "1-0"]
[WhiteElo "1775"]
[BlackElo "1946"]
[PlyCount "82"]
[EventDate "2011.07.01"]
[EventType "swiss"]
[EventRounds "7"]
[EventCountry "POL"]
[SourceTitle "EXT 2023"]
[Source "ChessBase"]
[SourceDate "2022.10.05"]
[SourceVersion "1"]
[SourceVersionDate "2022.10.05"]
[SourceQuality "1"]

1. e4 c5 2. Nc3 a6 3. a4 Nc6 4. g3 g6 5. Bg2 Bg7 6. d3 e6 7. Be3 Nd4 8. Nh3 d6 9. 0-0 Ne7 10. Qd2 0-0 11. Bh6 Rb8 12. Bxg7 Kxg7 13. f4 f5 14. Rae1 h6 15. Nd1 Bd7 16. c3 Ndc6 17. Ne3 b5 18. axb5 axb5 19. exf5 gxf5 20. g4 fxg4 21. Nxg4 Nf5 22. Bxc6 Bxc6 23. Rxe6 Bd5 24. Re2 Rb7 25. Ne3 Bc6 26. Nxf5+ Rxf5 27. Rg2+ Kh7 28. Rg3 Rbf7 29. Qe2 Qf6 30. Qg4 Rg7 31. Qxg7+ Qxg7 32. Rxg7+ Kxg7 33. Nf2 Kf7 34. c4 bxc4 35. dxc4 Ke7 36. b4 Bd7 37. b5 h5 38. h4 Kd8 39. Ne4 Ke7 40. Nc3 Kd8 41. Nd5 Be6 1-0

[Event "Augustow Golden Rook op 53rd"]
[Site "Augustow"]
[Date "2011.06.02"]
[Round "8.2"]
[White "Wozniak, Marcin"]
[Black "Sygulski, Pawel"]
[Result "1-0"]
[WhiteElo "1698"]
[BlackElo "2182"]
[PlyCount "91"]
[EventDate "2011.05.29"]
[EventType "team-swiss"]
[EventRounds "9"]
[EventCountry "POL"]
[SourceTitle "EXT 2023"]
[Source "ChessBase"]
[SourceDate "2022.10.05"]
[SourceVersion "1"]
[SourceVersionDate "2022.10.05"]
[SourceQuality "1"]
[WhiteTeam "Stara Wies Parnas"]
[BlackTeam "Czarna LKSz. GCKiP 1"]
[WhiteTeamCountry "POL"]
[BlackTeamCountry "POL"]

1. e4 b6 2. Nf3 Bb7 3. d3 e6 4. Nbd2 Be7 5. g3 d5 6. Bg2 Nf6 7. e5 Nfd7 8. 0-0 c5 9. Re1 Nc6 10. Nf1 0-0 11. h4 Qc7 12. Bf4 d4 13. N1h2 b5 14. Ng5 Ncxe5 15. Rxe5 Nxe5 16. Bxe5 Qxe5 17. Bxb7 Rab8 18. Ng4 Qd6 19. Bf3 f5 20. Nh2 h6 21. Nh3 g5 22. hxg5 hxg5 23. Bg2 Kg7 24. Qe2 Rh8 25. Re1 Rh6 26. g4 Rbh8 27. Qf3 f4 28. Nf1 Kf7 29. Nd2 Kf8 30. Ne4 Qd5 31. Nxf4 gxf4 32. Qxf4+ Ke8 33. g5 Rg6 34. Nf6+ Rxf6 35. gxf6 Qd6 36. Qg4 Kd7 37. fxe7 Qxe7 38. Qe4 Qd6 39. Qb7+ Qc7 40. Bc6+ Kd8 41. Qa8+ Ke7 42. Qxh8 Qxc6 43. Qg7+ Kd6 44. Qf6 Qd7 45. Qe5+ Ke7 46. Qg7+ 1-0

[Event "POL-chT3 Kujawsko Pomorskie 1011"]
[Site "Poland"]
[Date "2011.04.17"]
[Round "11.1"]
[White "Grzenkowicz, Przemyslaw"]
[Black "Wozniak, Marcin"]
[Result "1-0"]
[WhiteElo "1876"]
[BlackElo "2188"]
[PlyCount "81"]
[EventDate "2010.11.07"]
[EventType "team-tourn"]
[EventRounds "11"]
[EventCountry "POL"]
[SourceTitle "EXT 2019"]
[Source "ChessBase"]
[SourceDate "2018.10.10"]
[SourceVersion "1"]
[SourceVersionDate "2018.10.10"]
[SourceQuality "1"]

1. d4 Nf6 2. Nf3 e6 3. c4 Bb4+ 4. Nc3 c5 5. a3 Bxc3+ 6. bxc3 0-0 7. e3 d5 8. Bd3 dxc4 9. Bxc4 Qc7 10. Bd3 Nc6 11. 0-0 e5 12. Qc2 Bg4 13. dxe5 Nxe5 14. Nxe5 Qxe5 15. Bb2 Qg5 16. f4 Qh6 17. c4 Rfe8 18. Rae1 Rad8 19. e4 Bd7 20. e5 Nh5 21. f5 Qg5 22. Bc1 Qh4 23. Re4 Qe7 24. g4 Bc6 25. Re2 Qd7 26. Re3 Nf6 27. exf6 Rxe3 28. Bxe3 Qxd3 29. Qxd3 Rxd3 30. Bxc5 b6 31. Be7 Rd4 32. h3 h5 33. fxg7 Kxg7 34. g5 Rxc4 35. Rd1 Be4 36. Bf6+ Kh7 37. Rd8 Bxf5 38. Kg2 a5 39. Kf3 Rc1 40. Kf4 Rf1+ 41. Ke5 1-0

[Event "POL-chT3 Kujawsko Pomorskie 1011"]
[Site "Poland"]
[Date "2011.02.27"]
[Round "7.1"]
[White "Wozniak, Marcin"]
[Black "Mazalon, Mateusz"]
[Result "1-0"]
[WhiteElo "2188"]
[BlackElo "1852"]
[PlyCount "95"]
[EventDate "2010.11.07"]
[EventType "team-tourn"]
[EventRounds "11"]
[EventCountry "POL"]
[SourceTitle "EXT 2019"]
[Source "ChessBase"]
[SourceDate "2018.10.10"]
[SourceVersion "1"]
[SourceVersionDate "2018.10.10"]
[SourceQuality "1"]

1. c4 e5 2. g3 Nc6 3. Bg2 g6 4. Nc3 Bg7 5. d3 d6 6. Rb1 f5 7. e3 Nf6 8. Nge2 0-0 9. b4 g5 10. f4 gxf4 11. exf4 Qe8 12. 0-0 Qh5 13. Nd5 Nxd5 14. Bxd5+ Kh8 15. b5 Ne7 16. Bf3 Qf7 17. Bb2 c6 18. a4 Rb8 19. Qd2 Be6 20. Bg2 Rbd8 21. Qe3 e4 22. Bxg7+ Qxg7 23. Nd4 Bg8 24. bxc6 Nxc6 25. Nxc6 bxc6 26. dxe4 Bxc4 27. Rfc1 d5 28. e5 Qe7 29. Qc3 Rde8 30. Kh1 Kg8 31. Bh3 Qc7 32. Qc2 Qd7 33. Rb2 Re7 34. Rcb1 Rff7 35. Rb8+ Kg7 36. Qc3 Qe6 37. Qd4 Rc7 38. Qc5 Qe7 39. Qe3 Qe6 40. g4 d4 41. Qg3 Bd5+ 42. Kg1 fxg4 43. Bxg4 Qg6 44. f5 Qg5 45. f6+ Kh6 46. Qh3+ Kg6 47. Rg8+ Rg7 48. Rxg7+ 1-0

[Event "POL-chT3 Kujawsko Pomorskie 1011"]
[Site "Poland"]
[Date "2011.02.13"]
[Round "6.1"]
[White "Wojcicki, Mateusz"]
[Black "Wozniak, Marcin"]
[Result "0-1"]
[WhiteElo "1877"]
[BlackElo "2188"]
[PlyCount "94"]
[EventDate "2010.11.07"]
[EventType "team-tourn"]
[EventRounds "11"]
[EventCountry "POL"]
[SourceTitle "EXT 2019"]
[Source "ChessBase"]
[SourceDate "2018.10.10"]
[SourceVersion "1"]
[SourceVersionDate "2018.10.10"]
[SourceQuality "1"]

1. e4 c6 2. d4 d5 3. Nc3 dxe4 4. Nxe4 Nd7 5. Bg5 Ngf6 6. Nxf6+ Nxf6 7. Nf3 Qb6 8. Bxf6 gxf6 9. b3 Bh6 10. c3 Bg4 11. h3 Bh5 12. Be2 e6 13. Nd2 Bg6 14. Nc4 Qc7 15. Bd3 Rg8 16. Bxg6 Rxg6 17. Qf3 0-0-0 18. Ne3 Bxe3 19. fxe3 Rg3 20. Qf2 Rdg8 21. Rg1 Qa5 22. Kd2 Qg5 23. Raf1 Rxg2 24. Rxg2 Qxg2 25. Qxg2 Rxg2+ 26. Kd3 f5 27. Rf4 Kd7 28. a4 Ke7 29. c4 Kf6 30. Rf3 Kg5 31. e4 f4 32. d5 exd5 33. cxd5 cxd5 34. exd5 Rg3 35. Ke2 Rxf3 36. Kxf3 Kf5 37. d6 Ke6 38. Kxf4 Kxd6 39. Kf5 Ke7 40. b4 f6 41. h4 Kf7 42. h5 Ke7 43. a5 a6 44. Kf4 Ke6 45. Ke4 f5+ 46. Kf3 Kf6 47. Kf4 h6 0-1

[Event "Bydgoszcz-Torun"]
[Site "Bydgoszcz"]
[Date "2010.12.05"]
[Round "?.5"]
[White "Wozniak, Marcin"]
[Black "Kubicki, Marek"]
[Result "1-0"]
[WhiteElo "2188"]
[BlackElo "2170"]
[PlyCount "91"]
[EventDate "2010.12.05"]
[EventType "team-match"]
[EventRounds "1"]
[EventCountry "POL"]
[SourceTitle "EXT 2018"]
[Source "ChessBase"]
[SourceDate "2017.10.13"]
[SourceVersion "1"]
[SourceVersionDate "2017.10.13"]
[SourceQuality "1"]

1. c4 c6 2. Nf3 d5 3. b3 Nf6 4. Bb2 Bf5 5. d3 e6 6. Nh4 Bg6 7. Nxg6 hxg6 8. e3 Nbd7 9. Nd2 Qc7 10. h3 Bd6 11. Be2 e5 12. Qc2 a5 13. a3 0-0 14. Rc1 Qd8 15. Qb1 Qe7 16. Qa1 Rfe8 17. 0-0 d4 18. exd4 exd4 19. Rce1 c5 20. Bg4 Qd8 21. Rxe8+ Qxe8 22. Re1 Qd8 23. Bxd7 Qxd7 24. Ne4 Nxe4 25. Rxe4 f5 26. Re2 Re8 27. Qe1 Rxe2 28. Qxe2 Kh7 29. Bc1 b5 30. cxb5 Qxb5 31. Qc2 Bc7 32. Kf1 Qb6 33. Bg5 Qd6 34. h4 f4 35. Qc4 Qe5 36. a4 Qf5 37. f3 Qe5 38. Qf7 Bd6 39. Qd7 c4 40. dxc4 Bb4 41. Kg1 Bd2 42. Qe7 Be3+ 43. Kh2 Qf5 44. c5 Bf2 45. Bf6 Bg3+ 46. Kh1 1-0